| 000 | 00349nam a22001457a 4500 | ||
|---|---|---|---|
| 003 | SGT | ||
| 020 | _a978-81-948986-6-5 | ||
| 082 |
_a615.19 _bSID |
||
| 100 | _aSIDDIQUI, ANCES A | ||
| 245 | _aEXPERIMENTAL PHARMACEUTICAL CHEMISTRY | ||
| 260 |
_aINDIA _bCBS PUB. _c2021 |
||
| 300 | _a393 | ||
| 650 | _a PHARMACEUTICAL CHEMISTRY | ||
| 942 |
_2ddc _cBK |
||
| 999 |
_c32475 _d32475 |
||